Normal view
MARC view
- Price, David H.,
Entry Personal Name
001 - CONTROL NUMBER
- control field: 10028
003 - CONTROL NUMBER IDENTIFIER
- control field: NUST
005 - DATE AND TIME OF LATEST TRANSACTION
- control field: 20180226103900.0
008 - FIXED-LENGTH DATA ELEMENTS
- fixed length control field: 180226|| aca||aabn | a|a d
040 ## - CATALOGING SOURCE
- Original cataloging agency: NUST
- Transcribing agency: NUST
100 ## - HEADING--PERSONAL NAME
- Personal name: Price, David H.,
670 ## - SOURCE DATA FOUND
- Source citation: Work cat.: (NUST): Price, David H.,, Weaponizing anthropology:, 2011
